000 00608cam a2200193 4500500
005 20260329002644.0
041 _afre
042 _adc
100 1 0 _aEltchaninoff, Michel
_eauthor
245 0 0 _aLes structures élémentaires de l’alimentation carnée
260 _c2013.
500 _a36
690 _aClaude Lévi-Strauss
690 _aSécurité alimentaire
690 _aTabou
690 _aViande
786 0 _nPhilosophie magazine | 68 | 4 | 2013-04-01 | p. 8-8 | 1951-1787
856 4 1 _uhttps://shs.cairn.info/magazine-philosophie-magazine-2013-4-page-8?lang=fr&redirect-ssocas=7080
999 _c1817096
_d1817096